Catálogo
 En Linea

Dioses y héroes de la mitología griega / (Registro nro. 22643)

Detalles MARC
000 -CABECERA
campo de control de longitud fija 00840nam a2200205 a 4500
001 - NÚMERO DE CONTROL
campo de control 000023146
005 - FECHA Y HORA DE LA ÚLTIMA TRANSACCIÓN
campo de control 20210408121938.0
008 - DATOS DE LONGITUD FIJA--INFORMACIÓN GENERAL
campo de control de longitud fija 101129s1995 sp r 000 | spa d
020 ## - NÚMERO INTERNACIONAL ESTÁNDAR DEL LIBRO
Número Internacional Estándar del Libro 8420646806
040 ## - FUENTE DE LA CATALOGACIÓN
Centro catalogador/agencia de origen DO-SdBNP
Lengua de catalogación spa
Centro/agencia transcriptor BNPHU
082 ## - NÚMERO DE LA CLASIFICACIÓN DECIMAL DEWEY
Número de clasificación xxx
Número de documento/Ítem G993d
049 ## - FONDOS LOCALES (OCLC)
Fondos de biblioteca BNGR
100 1# - ENTRADA PRINCIPAL--NOMBRE DE PERSONA
Nombre de persona Guzmán Fernández, Silvestre Antonio,
Fechas asociadas al nombre 1911-1982
9 (RLIN) 17126
245 10 - MENCIÓN DE TÍTULO
Título Dioses y héroes de la mitología griega /
Mención de responsabilidad, etc. Antonio Guzmán Guerra.
260 ## - PUBLICACIÓN, DISTRIBUCIÓN, ETC.
Lugar de publicación, distribución, etc. 63 p. ;,
Fecha de publicación, distribución, etc. 15 cm.
300 ## - DESCRIPCIÓN FÍSICA
Extensión 63 p. ;
Dimensiones 15 cm.
490 ## - MENCIÓN DE SERIE
Mención de serie Alianza Cien;
Designación de volumen o secuencia 80
500 ## - NOTA GENERAL
Nota general "Textos completos." "Alianza Editorial tiene publicado en su colección El libro de Bolsillo con los números 791 y 792 un completo Diccionario de la mitología clásica elaborado por C. Falcón Martínez, E. Fernández-Galiano y R. López Melero"--P. 63.
830 #0 - PUNTO DE ACCESO ADICIONAL DE SERIE-TÍTULO UNIFORME
Título uniforme Alianza Cien;
Designación de volumen o secuencia 80
9 (RLIN) 12832
Existencias
Estado de retiro Estado de pérdida Restricciones de uso No para préstamo Código de colección Localización permanente Ubicación/localización actual Ubicación en estantería Fecha de adquisición Número de inventario Total de préstamos Signatura topográfica completa Código de barras Fecha visto por última vez Precio válido a partir de Tipo de ítem Koha
      Excluido de préstamo Monografías: Libros y Folletos General General En catalogación 29.11.2010 LF1   xxx G993d 23146-10 25.06.2020 25.06.2020 No se presta

Con tecnología Koha